PREPARING to teach in secondary schools :a student teacher'sguide to professional issues in secondary education

Enregistré dans:
Détails bibliographiques
Format: Livre
Langue:anglais
Publié: Open International Publishers 2019
Tags: Ajouter un tag
Pas de tags, Soyez le premier à ajouter un tag!

MARC

LEADER 00000nam a22000007a 4500
008 210712b ||||| |||| 00| 0 eng d
020 |a 9780335227128 
245 |a PREPARING to teach in secondary schools  |b :a student teacher'sguide to professional issues in secondary education  |c edited by Ian Abbott, Prue Huddleston, David Middlewood  |g XVI,356p.:ill. 
250 |c ABBOTT, Ian, HUDDLESTON, Prue and MIDDLEWOOD, David 
260 |b Open International Publishers  |c 2019  |h London  |i 696503  |i 696504  |l LB2165.P91  |m Teachers-Training of--United States  |m Case methodStudy and teaching- United States  |m Colleges--United States--Guide book 
500 |a It includes bibliography and index 
942 |a lcc  |c BK  |e Kuteyi, M. A.  |f 12/7/21 
952 |0 0  |1 0  |2 lcc  |4 0  |6 LB2165 P91  |7 0  |9 2763  |a HOL  |b HOL  |c LP  |d 2021-07-12  |l 0  |o LB2165.P91  |p 2021-6614  |r 2021-07-12 00:00:00  |w 2021-07-12  |y BK 
952 |0 0  |1 0  |2 lcc  |4 0  |6 LB2165 P91  |7 0  |9 2764  |a HOL  |b ED  |c LP  |d 2021-07-12  |l 0  |o LB2165.P91  |p 2021-6615  |r 2021-07-12 00:00:00  |w 2021-07-12  |y BK 
999 |c 1440  |d 1440